01919namaa2200397uu 4500001001000000003000600010005001700016006001900033007001500052008004100067020001800108040001700126041000800143042000700151072001400158720002500172245004200197260002700239300003100266336002600297337002600323338003600349490004200385506005100427520069900478540006301177546001201240650003301252653001101285653001501296653002301311720002301334720002301357720002501380856011601405doab29051oapen20260305123947.0m o d cr|mn|---annan210210s2019 xx |||||o ||| 0|eng d a9781315154589 aoapencoapen0 aeng adc 7aM2bicssc1 aTrebak, Mohamed4edt00aSignal Transduction and Smooth Muscle bTaylor & Francisc2019 a1 online resource (412 p.) atextbtxt2rdacontent acomputerbc2rdamedia aonline resourcebcr2rdacarrier1 aMethods in Signal Transduction Series0 aFree-to-readfUnrestricted online access2star aAll hollow organs, such as blood vessels, the gastrointestinal tract, airways, male and female reproductive systems, and the urinary bladder are primarily composed of smooth muscle. Such organs regulate flow, propulsion and mixing of luminal contents and storage by the contraction and relaxation of smooth muscle cells. Smooth muscle cells respond to numerous inputs, including pressure, shear stress, intrinsic and extrinsic innervation, hormones and other circulating molecules, as well as autocrine and paracrine factors. This book is a review of smooth muscle cell regulation in the cardiovascular, reproductive, GI, and other organ systems with emphasis on calcium and receptor signaling. aAll rights reserveduhttp://oapen.org/content/about-rights aEnglish 7aMedicine and Nursing2bicssc aorgans aregulation aSmooth muscle cell1 aEarley, Scott4edt1 aEarley, Scott4oth1 aTrebak, Mohamed4oth40uhttps://directory.doabooks.org/handle/20.500.12854/2905170zFree-to-read: DOAB: description of the publication